000 01451nmm a2200385 a 4500
003 AR-BaBNM
005 20251128203851.0
008 237019s1965 ||||||||||||||000 | spa||
040 _cAR-BaBNM
100 1 _aGarry, Ralph
245 1 0 _aSistemas educacionales para maestros de enseñanza elemental
250 _a1ª ed.
260 _aMéxico, D.F.
_bLimusa-Wiley
_bCentro Regional de Ayuda Técnica. Agencia para el Desarrollo Internacional
_c1965
300 0 _a568 p.
_btablas, diagr., il.
500 1 _aEsta publicación ha sido preparada conjuntamente por la editorial y el Centro Regional de Ayuda Técnica, Agencia para el Desarrollo Internacional AID, Departamento de Estado del Gobierno de los Estados Unidos de América. El Centro es una organización dedi
504 _aBibliografía: p. 551-558
650 4 _aORGANIZACION DE LA EDUCACION
650 4 _aDOCENTES
650 4 _aROL DEL DOCENTE
650 4 _aRELACION ALUMNO-DOCENTE
650 4 _aASESORAMIENTO DEL DOCENTE
650 4 _aDESARROLLO DEL NINO
650 4 _aDESARROLLO FISICO
650 4 _aAMBIENTE FAMILIAR
650 4 _aRELACION FAMILIA-ESCUELA
650 4 _aENSENANZA EN GRUPO
650 4 _aTECNICAS SOCIOMETRICAS
650 4 _aEMPLEO DE LOS DOCENTES
651 4 _aEstados Unidos
653 0 _aORIENTACION EDUCATIVA
700 1 _aAlfaro Lozano, David
_etraductor
700 1 _aCapello, Héctor Manuel
_erevisión
942 _cBK
998 _cSILVI
999 _c5250
_d5250